[Event "Dzhubga Blitz op"]
[Site "Dzhubga"]
[Date "2023.08.13"]
[Round "4"]
[White "Khripachenko, Alexander"]
[Black "Dolgopolov, Egor"]
[Result "1-0"]
[WhiteElo "2158"]
[BlackElo "1588"]
[PlyCount "49"]
[EventDate "2023.08.13"]
[EventType "swiss (blitz)"]
[EventRounds "13"]
[EventCountry "RUS"]
[SourceTitle "CBM 215 Extra"]
[Source "ChessBase"]
[SourceDate "2023.09.30"]
[SourceVersion "1"]
[SourceVersionDate "2023.09.30"]
[SourceQuality "1"]

1. e4 c5 2. Nf3 a6 3. c3 d5 4. exd5 Qxd5 5. d4 e6 6. Be3 cxd4 7. cxd4 Nf6 8. Nc3 Qd8 9. Bd3 Be7 10. 0-0 0-0 11. Qe2 b5 12. Ne5 Bb7 13. Rad1 Nbd7 14. f4 Nb6 15. f5 exf5 16. Bxf5 Nbd5 17. Bd2 g6 18. Qf2 Re8 19. Rde1 Bf8 20. Bc2 Bg7 21. Bg5 Qd6 22. Nxd5 Nxd5 23. Qxf7+ Kh8 24. Qxb7 Qc7 25. Qxd5 1-0

[Event "Dzhubga Blitz op"]
[Site "Dzhubga"]
[Date "2023.08.13"]
[Round "6"]
[White "Potapova, Margarita"]
[Black "Dolgopolov, Egor"]
[Result "1-0"]
[WhiteElo "2153"]
[BlackElo "1588"]
[PlyCount "59"]
[EventDate "2023.08.13"]
[EventType "swiss (blitz)"]
[EventRounds "13"]
[EventCountry "RUS"]
[SourceTitle "CBM 215 Extra"]
[Source "ChessBase"]
[SourceDate "2023.09.30"]
[SourceVersion "1"]
[SourceVersionDate "2023.09.30"]
[SourceQuality "1"]

1. d4 d5 2. c4 e6 3. Nf3 Nf6 4. Nc3 c6 5. g3 Be7 6. Bg2 0-0 7. 0-0 b6 8. Qd3 Bb7 9. e4 dxe4 10. Nxe4 c5 11. Nxf6+ Bxf6 12. Ng5 Bxg5 13. Bxb7 Bxc1 14. Raxc1 Nd7 15. Bxa8 Qxa8 16. Rfe1 Rd8 17. Rcd1 Nf6 18. Qe3 cxd4 19. Rxd4 h6 20. Red1 Rxd4 21. Qxd4 Qc6 22. b3 Ne4 23. h4 h5 24. Qd7 Qc5 25. Qe8+ Kh7 26. Qxf7 Qe5 27. Qf3 Nc3 28. Rd7 Nxa2 29. Qd3+ Kh6 30. Qd2+ 1-0

[Event "Wch U12 rapid"]
[Site "Batumi"]
[Date "2023.06.08"]
[Round "8"]
[White "Dolgopolov, Egor"]
[Black "Tatvidze, Davit"]
[Result "1-0"]
[WhiteElo "1905"]
[BlackElo "1519"]
[PlyCount "185"]
[EventDate "2023.06.06"]
[EventType "swiss (rapid)"]
[EventRounds "11"]
[EventCountry "GEO"]
[SourceTitle "EXT 2024"]
[Source "ChessBase"]
[SourceDate "2023.10.10"]
[SourceVersion "1"]
[SourceVersionDate "2023.10.10"]
[SourceQuality "1"]
[WhiteTeam "FIDE"]
[BlackTeam "Georgia"]
[BlackTeamCountry "GEO"]

1. Nf3 d5 2. d4 Nf6 3. c4 dxc4 4. g3 e6 5. Bg2 c5 6. 0-0 Nc6 7. Qa4 Bd7 8. Qxc4 cxd4 9. Nxd4 Nxd4 10. Qxd4 Bc6 11. Bxc6+ bxc6 12. Qa4 Qb6 13. Be3 Qb5 14. Qc2 Nd5 15. Bd4 c5 16. Be5 f6 17. Bc3 Be7 18. Rd1 0-0 19. e4 Nb4 20. Bxb4 cxb4 21. Qb3 Qb6 22. Nd2 Kh8 23. Nc4 Qc6 24. Nd2 a5 25. Rac1 Qb6 26. Nc4 Qb5 27. Ne3 Qb6 28. Rd7 Bc5 29. Rcd1 a4 30. Qd3 Bxe3 31. fxe3 Qc5 32. Rb7 a3 33. b3 h6 34. Kg2 f5 35. Qd7 Qc2+ 36. Kg1 Qc3 37. Rd3 Qa1+ 38. Rd1 Qc3 39. Qd3 Qxd3 40. Rxd3 fxe4 41. Rdd7 Rg8 42. Rxb4 Rac8 43. Rd2 Rc3 44. Rxe4 Re8 45. Ra4 Rxe3 46. Rxa3 e5 47. Ra7 Re1+ 48. Kf2 Rb1 49. Rdd7 e4 50. Ke3 Re1+ 51. Kf2 Rb1 52. Rxg7 e3+ 53. Ke2 Rb2+ 54. Ke1 Rb1+ 55. Ke2 Rb2+ 56. Ke1 Rb1+ 57. Ke2 Rb2+ 58. Kf3 e2 59. Rh7+ Kg8 60. Rag7+ Kf8 61. Rh8+ Kxg7 62. Rxe8 Rxa2 63. Rxe2 Ra3 64. Rb2 Kf6 65. Ke4 Ke6 66. b4 Ra4 67. Kd4 Kd6 68. Kc4 Kc6 69. Kb3 Kb5 70. Kc3 Ra3+ 71. Kd4 Rf3 72. Ke4 Rf1 73. g4 Rg1 74. Kf4 Rf1+ 75. Kg3 Rg1+ 76. Kh4 Rh1 77. Kh5 Rg1 78. h4 Rg3 79. g5 hxg5 80. hxg5 Rh3+ 81. Kg6 Rg3 82. Kf6 Rf3+ 83. Kg7 Kc6 84. g6 Kd7 85. Kg8 Rg3 86. g7 Ke7 87. Rf2 Rg5 88. Rf4 Rg1 89. Kh7 Rh1+ 90. Kg6 Rg1+ 91. Kh6 Rh1+ 92. Kg5 Rg1+ 93. Rg4 1-0

[Event "Wch U12 rapid"]
[Site "Batumi"]
[Date "2023.06.07"]
[Round "4"]
[White "Dolgopolov, Egor"]
[Black "Gabadadze, Gabriel"]
[Result "1-0"]
[WhiteElo "1905"]
[BlackElo "1533"]
[PlyCount "163"]
[EventDate "2023.06.06"]
[EventType "swiss (rapid)"]
[EventRounds "11"]
[EventCountry "GEO"]
[SourceTitle "EXT 2024"]
[Source "ChessBase"]
[SourceDate "2023.10.10"]
[SourceVersion "1"]
[SourceVersionDate "2023.10.10"]
[SourceQuality "1"]
[WhiteTeam "FIDE"]
[BlackTeam "Georgia"]
[BlackTeamCountry "GEO"]

1. Nf3 c5 2. c4 Nc6 3. d4 cxd4 4. Nxd4 Nf6 5. Nc3 e6 6. g3 a6 7. Bg2 Be7 8. 0-0 0-0 9. b3 Qc7 10. Bb2 d6 11. Rc1 Rd8 12. Qd2 Bd7 13. Rfd1 Rac8 14. e4 Qb8 15. Nce2 Be8 16. h3 Qa7 17. Qe3 Qb8 18. Kh2 h6 19. Nxc6 Bxc6 20. e5 dxe5 21. Bxe5 Qa8 22. Bxc6 Rxc6 23. Nd4 Rcc8 24. Nf3 Nd7 25. Bb2 Nf6 26. Nh4 Re8 27. Ng2 Rcd8 28. Nf4 Qc8 29. Qf3 Qc7 30. Nd3 Kh7 31. Ne5 Kg8 32. Ng4 Nxg4+ 33. Qxg4 e5 34. Rxd8 Rxd8 35. Rd1 Bf6 36. Rxd8+ Qxd8 37. Qe2 Qd6 38. Kg2 b6 39. Qe4 a5 40. Bc1 h5 41. h4 g6 42. Be3 Bd8 43. Qb7 Kg7 44. a4 Bc7 45. Qf3 Qe6 46. Qb7 Qd6 47. Qa6 Qc6+ 48. Kg1 Bd8 49. Qa7 Bc7 50. Qa6 Bd8 51. Qb5 Qxb5 52. axb5 Kf8 53. Kg2 Ke7 54. Kf3 Ke6 55. Ke2 f5 56. Kd3 Kd6 57. Kc3 Ke6 58. b4 axb4+ 59. Kxb4 Be7+ 60. Kb3 Bd8 61. Ka4 Bc7 62. c5 bxc5 63. Bxc5 Kd5 64. Ba7 f4 65. gxf4 exf4 66. b6 Bxb6 67. Bxb6 Ke4 68. Bd8 Kf3 69. Bg5 Kg4 70. Kb4 Kh3 71. Kc4 Kg2 72. Bxf4 Kxf2 73. Kd5 Kf3 74. Bg5 Kg4 75. Ke6 Kf3 76. Kf6 Ke4 77. Kxg6 Ke5 78. Kxh5 Kf5 79. Kh6 Ke6 80. Kg7 Kf5 81. h5 Kxg5 82. h6 1-0